Population

Αποθηκεύτηκε σε:
Λεπτομέρειες βιβλιογραφικής εγγραφής
Κύριος συγγραφέας: Gillett, Jack
Μορφή: Βιβλίο
Γλώσσα:English
Δημοσίευση: London : Hodder Murray, 2005
Σειρά:Access to geography
Θέματα:
Ετικέτες: Προσθήκη ετικέτας
Δεν υπάρχουν, Καταχωρήστε ετικέτα πρώτοι!

MARC

LEADER 00000nam a2200000 i 4500
001 1/92580
008 080828s2005 eng d
020 |a 978-0-340-88673-1 
035 |l 10099679 
040 |a GR-MY-UA  |b gre  |e aacr 
041 0 |a eng 
082 0 |a 304.6  |2 (22) 
100 1 |a Gillett, Jack. 
245 1 0 |a Population /  |c Jack Gillett 
260 |a London :   |b Hodder Murray,   |c 2005 
300 |a vi, 154 σ.;  |b εικ., χάρτες;  |c 22 εκ. 
490 1 |a Access to geography 
504 |a Βιβλιογραφία: σ. [146]-148 
504 |a Ευρετήριο: σ. [149]-154 
650 0 0 |a Population. 
830 0 |a Access to geography 
852 |a INST  |b LESVOS  |e 20080828  |h 304.6 GIL  |p 005100042975  |q 005100042975  |t BK  |y 0 
901 |a BIBL1-2008-2 
909 |a Λ  |b 151077 
922 |a 1ΕΛΗ  |b 200802  |c ΕΠΕΑΕΚ2/ΤΓ  |d ΕΛΕΥΘΕΡΟΥΔΑΚΗΣ 
970 |a ΚΑΡΑ  |b ΓΙΑΣΕΜΗ  |z 2008/08/28